00369nam a2200109Ia 4500008004100000082001500041100001300056245007300069942000600142952009600148999001500244240331s9999 xx 000 0 und d a303.6bSRI aLogo. ed 0aSri Lankas Ethnic Problem :bProceedings of the Bishop Leo Dialogues cL 001040708LaWERCLbWERCLcSSCd2024-03-31l0o 303.6 SRIp217r2024-03-31w2024-03-31yL c1294d1294